MAC College Football Teams - Statistics

General Stats
  • This quiz has been taken 9 times
  • The average score is 9 of 13
Answer Stats
School % Correct
Buffalo
100%
Central Michigan
100%
Eastern Michigan
100%
Western Michigan
100%
Akron
83%
Ball State
83%
Bowling Green
67%
Kent State
67%
Toledo
67%
Ohio
50%
UMass
50%
Miami (OH)
33%
Sacramento State
17%
No matching quizzes found
Score Distribution
Percent of People with Each Score
Percentile by Number Answered
Your Score History
You have not taken this quiz